| 000 | 01126nam a2200241Ia 4500 | ||
|---|---|---|---|
| 001 | 18400 | ||
| 003 | GE_BSU | ||
| 008 | 181216s||||||||xx |||||||||||||| ||und|| | ||
| 040 | _cGE_BSU | ||
| 080 | _a34 | ||
| 100 | _aსენფორდი,ბრიუს.უ. | ||
| 245 | _aსენფორდის სამახსოვრო ცილისწამებისა და პირადი ცხოვრების ხელშეუხებლობის უფლების შესახებ | ||
| 245 | _cმთარგმნ.:გ.მაღულარია | ||
| 260 | _aთბილისი | ||
| 260 | _bინტერნიუსი | ||
| 260 | _c2002 | ||
| 300 | _a40გვ.25 სმ. | ||
| 520 | _aპარალ. სათ. ინგლ.ენ. | ||
| 541 | _h28 ლ. | ||
| 653 | _aსამართალი | ||
| 653 | _aსენფორდის სამახსოვრო ცილისწამებისა და პირადი ცხოვრების ხელშეუხებლობის უფლების შესახებ | ||
| 942 | _cBK | ||
| 999 |
_c51415 _d51415 |
||